| 000 | 00716nam a2200217Ii 4500 | ||
|---|---|---|---|
| 003 | JO-AjNU | ||
| 008 | 230605s9999||||xx |||||||||||||| ||und|| | ||
| 017 | _a1986/411 | ||
| 040 |
_aJO-AjNU _bara _erda _cJO-AjNU |
||
| 041 | _aara | ||
| 050 | 1 | 4 | _aBP144.I4222 1987 |
| 100 | 3 |
_aخليل، عماد الدين, _eauthor _98270 |
|
| 245 | 0 | 0 | _aحوار في المعمار الكوني وقضايا إسلامية معاصرة |
| 250 | _aط1 | ||
| 264 | 3 | 1 | _aالدوحة: دار الثقافة نشر وتوزيع، 1987 |
| 300 | _a192ص | ||
| 336 |
_atext _btxt _2rdacontent |
||
| 337 |
_aunmediated _bn _2rdamedia |
||
| 338 |
_avolume _bnc _2rdacarrier |
||
| 650 | 4 |
_aقضايا اسلامية- الاسلام _98271 |
|
| 999 |
_aA703 _c4271 _d4271 |
||